Building control performance standards (Record no. 105856)

MARC details
000 -LEADER
fixed length control field 01836cam a2200277 4500
001 - CONTROL NUMBER
control field ##E134944
008 - FIXED-LENGTH DATA ELEMENTS--GENERAL INFORMATION
fixed length control field 030606n2006 000 0 eng u
035 ## - SYSTEM CONTROL NUMBER
System control number (Sirsi) u134944
041 0# - LANGUAGE CODE
Language code of text/sound track or separate title eng
050 04 - LIBRARY OF CONGRESS CALL NUMBER
Classification number 692.2 $2 18
110 2# - MAIN ENTRY--CORPORATE NAME
Corporate name or jurisdiction name as entry element United Kingdom
Subordinate unit Department for Communities and Local Government
9 (RLIN) 4939
245 00 - TITLE STATEMENT
Title Building control performance standards
Medium [electronic resource]
250 ## - EDITION STATEMENT
Edition statement Rev. ed.
260 ## - PUBLICATION, DISTRIBUTION, ETC.
Place of publication, distribution, etc. London
Name of publisher, distributor, etc. DCLG
Date of publication, distribution, etc. 2006
520 ## - SUMMARY, ETC.
Summary, etc. Sets out recommended standards for the performance of building control, produced by Building Control Performance Standards Advisory Group (BCPSAG), which the department strongly encourages all building control bodies, local authorities and approved inspectors to adopt in order to continue improving the quality of building control services. The standards and guidance cover: policy, resources, consultation, assessment of plans as well as site inspection, certificates at completion, records archiving, CPD, performance review, management systems, business ethics and complaints procedures. A new system of Building Control Performance Indicators (BCPIs) have also been developed which will enable building control bodies to measure the quality of the service they provide to clients. Also includes access to guidance on how to complete them.
520 ## - SUMMARY, ETC.
Summary, etc. Supersedes 2003 edition (J122539)
590 ## - LOCAL NOTE (RLIN)
Local note IKA190906 NTK
650 24 - SUBJECT ADDED ENTRY--TOPICAL TERM
Topical term or geographic name entry element HEALTH AND SAFETY
9 (RLIN) 6244
650 24 - SUBJECT ADDED ENTRY--TOPICAL TERM
Topical term or geographic name entry element BUILDING CONTROL
9 (RLIN) 6222
650 24 - SUBJECT ADDED ENTRY--TOPICAL TERM
Topical term or geographic name entry element PERFORMANCE STANDARDS
651 #4 - SUBJECT ADDED ENTRY--GEOGRAPHIC NAME
Geographic name England and Wales
Chronological subdivision 1543-
690 ## - LOCAL SUBJECT ADDED ENTRY--TOPICAL TERM (OCLC, RLIN)
Topical term or geographic name as entry element Building regulations
9 (RLIN) 6224
710 2# - ADDED ENTRY--CORPORATE NAME
Corporate name or jurisdiction name as entry element Building Control Performance Standards Advisory Group
9 (RLIN) 5043
856 40 - ELECTRONIC LOCATION AND ACCESS
Uniform Resource Identifier <a href="https://www.planningportal.gov.uk/uploads/br/bcpi/building-control-performance-standards_june06.pdf">https://www.planningportal.gov.uk/uploads/br/bcpi/building-control-performance-standards_june06.pdf</a>
Hours access method available View the document at www.planningportal.gov.uk
942 ## - ADDED ENTRY ELEMENTS (KOHA)
Suppress in OPAC 0
Holdings
Withdrawn status Lost status Source of classification or shelving scheme Damaged status Not for loan Home library Current library Shelving location Date acquired Total Checkouts Full call number Barcode Date last seen Copy number Price effective from Koha item type
    Dewey Decimal Classification     Virtual Virtual Online 12/09/2006   ONLINE PUBLICATION 134944-2001 06/08/2019 1 06/08/2019 Book